A carregar...
Braj sanskriti aur sahitya/
| Autor principal: | |
|---|---|
| Formato: | Printed Book |
| Publicado em: |
Madura:
Jawahar Pusthakalaya,
2007.
|
| LEADER | 00373 a2200109 4500 | ||
|---|---|---|---|
| 100 | |a Malgan Singh Sisoudiya | ||
| 245 | |a Braj sanskriti aur sahitya/ |c Malgan Singh Sisoudiya | ||
| 260 | |a Madura: |b Jawahar Pusthakalaya, |c 2007. | ||
| 300 | |a 80p. | ||
| 942 | |2 ddc |c BK | ||
| 999 | |c 237706 |d 237706 | ||
| 952 | |0 0 |1 0 |4 0 |7 0 |9 263955 |a HIN |b HIN |c ST1 |d 2011-06-10 |i 21400 |l 0 |p HIN21400 |r 2014-02-07 |w 2014-02-07 |y BK | ||